| 000 | 00613nam a2200181 a 4500 | ||
|---|---|---|---|
| 001 | 000040003 | ||
| 005 | 20201002033846.0 | ||
| 008 | 130802s2004 mx 000 0 spa d | ||
| 020 | _a9703208037 | ||
| 040 |
_aDO-SdBNP _bspa _cBNPHU |
||
| 100 | 1 |
_aLópez y Fuentes, Gregorio _966230 |
|
| 245 | 1 | 0 |
_aTierra / _cGregorio López y Fuentes ; introducción José Alfredo Reyes López. |
| 260 |
_aMéxico : _bUniversidad Nacional Autónoma de México, _c2004. |
||
| 300 |
_a117 p. ; _c18 cm. |
||
| 490 | 1 |
_aDifución Cultural _e7 |
|
| 700 | 1 |
_aReyes López, José Alfredo _966231 |
|
| 830 | 0 |
_aDifución Cultural _v7 _966229 |
|
| 999 |
_c39493 _d39493 |
||